000 00490nam a22001817a 4500
005 20180813153402.0
008 160513b xxu||||| |||| 00| 0 eng d
020 _a10-0-07-014495-8
041 _aeng
082 _b1995
_a658.4
100 _aHAROLD, KOONTZ AND HEINZ, WEIHRICH
_94795
245 _aESSENTIALS OF MANAGEMENT : an international perspective
250 _a8TH ED.
260 _aNew Delhi
_bTata McGraw Hill Ltd.
300 _a446p,
650 _aManagement
_9241
942 _cBK
999 _c738
_d738